(SPP) Romeo and Juliet: Plot Quiz Stats

 Plays Quiz not verified by Sporcle

Challenge
Share
Tweet
Embed
Score 0/26 Timer 10:00
1 Play Today
Act: Scene: Line Answer % Correct
Prologue 2Verona
93.9%
1:2:913 (almost 14)
92.3%
1:5:30-60A mask
85.4%
2:3:57-64Marry them
85.3%
3:1:70-112Mercutio
83.8%
3:4:1-36Paris
83.4%
2:4:6-18Tybalt
82.2%
5:3:161-167She kisses Romeo
81.3%
4:1:18-88Suicide
81.3%
4:1:89-126Sleep, appearing dead
80.4%
3:1:118-194Banishment
79%
5:1, 2Poison
78.6%
4:2:17-24one day (the next morning)
78.5%
Act: Scene: Line Answer % Correct
5:3:168-170She stabs herself with Romeo's dagger
76.1%
3:5:213-242Nurse
74.6%
5:3:74-120He kisses Juliet
73.8%
1:1:36-51Bit his thumb
72.7%
5:3:1-73Paris
70.5%
4:4:1-45Nurse
69.8%
5:3:121-160Friar Laurence
69.5%
1:1:150-232He is in love with Rosaline
67.6%
2:4:108-200Nurse
66.2%
3:5:1-195Throw her out and disinherit her
51.4%
4:3:1-57Knife
50.6%
5:3:296-304Gold
44.4%
1:2:30-102Reading
41%

You're not logged in!

Compare scores with friends on all Sporcle quizzes.
OR
Log In

You Might Also Like...

Show Comments

Extras

Top Quizzes Today


Score Distribution

Your Account Isn't Verified!

In order to create a playlist on Sporcle, you need to verify the email address you used during registration. Go to your Sporcle Settings to finish the process.

Report this User

Report this user for behavior that violates our Community Guidelines.

Details: